[Event "HUN-chT2 Toth 1516"]
[Site "Hungary"]
[Date "2016.02.28"]
[Round "8.11"]
[White "Varadi, Tamas"]
[Black "Inges, Zeno"]
[Result "1/2-1/2"]
[WhiteElo "1531"]
[BlackElo "1854"]
[PlyCount "41"]
[EventDate "2015.09.13"]
[EventType "team-tourn"]
[EventRounds "11"]
[EventCountry "HUN"]
[SourceTitle "EXT 2017"]
[Source "ChessBase"]
[SourceDate "2016.10.25"]
[SourceVersion "1"]
[SourceVersionDate "2016.10.25"]
[SourceQuality "1"]
[WhiteTeam "Takisz"]
[BlackTeam "Ujszasz"]
[WhiteTeamCountry "HUN"]
[BlackTeamCountry "HUN"]

1. d4 d5 2. Nf3 Nf6 3. Bf4 c6 4. e3 Bf5 5. Bd3 Bxd3 6. Qxd3 Qb6 7. b3 e6 8. 0-0 Nbd7 9. Nbd2 Be7 10. c4 Nh5 11. c5 Nxf4 12. exf4 Qc7 13. Ne5 Nxe5 14. fxe5 h5 15. f4 g6 16. b4 a5 17. a3 b5 18. Nf3 a4 19. h4 0-0-0 20. Ng5 Rdf8 21. Ra2 1/2-1/2

[Event "Budapest Art Pub op 9th"]
[Site "Budapest"]
[Date "2015.11.21"]
[Round "4"]
[White "Palczert, Miklos"]
[Black "Varadi, Tamas"]
[Result "1-0"]
[WhiteElo "1714"]
[BlackElo "1524"]
[PlyCount "93"]
[EventDate "2015.11.20"]
[EventType "swiss"]
[EventRounds "6"]
[EventCountry "HUN"]
[SourceTitle "CBM 169 Extra"]
[Source "ChessBase"]
[SourceDate "2015.12.18"]
[SourceVersion "1"]
[SourceVersionDate "2015.12.18"]
[SourceQuality "1"]

1. e4 c6 2. d4 d5 3. exd5 cxd5 4. c4 e6 5. Nc3 Nf6 6. c5 Nc6 7. Nf3 b6 8. Bb5 Bd7 9. Bxc6 Bxc6 10. b4 a5 11. b5 Bb7 12. c6 Bc8 13. Qb3 Bb4 14. a3 Bxc3+ 15. Qxc3 Ne4 16. Qc2 Qd6 17. 0-0 0-0 18. a4 f6 19. Ba3 Qc7 20. Bxf8 Kxf8 21. Nd2 f5 22. Nxe4 dxe4 23. f3 exf3 24. Rxf3 e5 25. d5 Qd6 26. Rd1 Ra7 27. Qc1 f4 28. Qa3 Ke7 29. Re1 Qxa3 30. Rxa3 Kd6 31. Rd3 Bf5 32. Rd2 g5 33. Kf2 g4 34. Rc1 Rc7 35. Re1 e4 36. Rd4 h5 37. Rdxe4 Bxe4 38. Rxe4 Kxd5 39. Rxf4 Ke5 40. Rf8 Kd5 41. Rb8 Kc5 42. Rb7 Rc8 43. Kg3 Kb4 44. Rxb6 Kxa4 45. Rb7 Kb4 46. c7 a4 47. b6 1-0

[Event "Budapest Art Pub op 9th"]
[Site "Budapest"]
[Date "2015.11.20"]
[Round "1"]
[White "Varadi, Tamas"]
[Black "Mako, Zoltan"]
[Result "0-1"]
[WhiteElo "1524"]
[BlackElo "1885"]
[PlyCount "62"]
[EventDate "2015.11.20"]
[EventType "swiss"]
[EventRounds "6"]
[EventCountry "HUN"]
[SourceTitle "CBM 169 Extra"]
[Source "ChessBase"]
[SourceDate "2015.12.18"]
[SourceVersion "1"]
[SourceVersionDate "2015.12.18"]
[SourceQuality "1"]

1. d4 Nf6 2. Bf4 g6 3. Nf3 Bg7 4. e3 d6 5. Be2 0-0 6. 0-0 Nh5 7. c3 Nxf4 8. exf4 Bf5 9. Bd3 Qc8 10. Re1 Bf6 11. Na3 c5 12. Nc4 cxd4 13. Nxd4 Bg4 14. Be2 Bd7 15. Bf3 Qxc4 16. Bxb7 Nc6 17. Nxc6 Bxc6 18. Bxa8 Rxa8 19. Qd2 Rb8 20. Rec1 Rc8 21. b3 Qd5 22. Qxd5 Bxd5 23. Rd1 Bxc3 24. Rac1 Be6 25. Rd3 Bb4 26. Rxc8+ Bxc8 27. Re3 e6 28. g3 Bb7 29. Rd3 Kf8 30. h4 h5 31. f3 Ba6 0-1

[Event "HUN-chT2 Toth 1415"]
[Site "Hungary"]
[Date "2015.03.01"]
[Round "9.12"]
[White "Toth, Andrea"]
[Black "Varadi, Tamas"]
[Result "1-0"]
[WhiteElo "1532"]
[BlackElo "1532"]
[PlyCount "89"]
[EventDate "2014.09.07"]
[EventType "team-tourn"]
[EventRounds "11"]
[EventCountry "HUN"]
[SourceTitle "EXT 2016"]
[Source "ChessBase"]
[SourceDate "2015.10.08"]
[SourceVersion "1"]
[SourceVersionDate "2015.10.08"]
[SourceQuality "1"]
[WhiteTeam "Gyula"]
[BlackTeam "Takisz"]
[WhiteTeamCountry "HUN"]
[BlackTeamCountry "HUN"]

1. d4 d5 2. Bf4 Nf6 3. Nf3 e6 4. e3 Be7 5. Be2 0-0 6. 0-0 Nc6 7. Nc3 Bd6 8. a3 Bxf4 9. exf4 Qd6 10. Ne5 h6 11. b4 Ne7 12. Na4 Bd7 13. Nb2 Rab8 14. c4 dxc4 15. Nbxc4 Qd5 16. Bf3 Qb5 17. Nxd7 Qxd7 18. Ne5 Qd8 19. Qd3 Ned5 20. g3 b6 21. Nc6 Qd6 22. Nxb8 Rxb8 23. Rac1 Rc8 24. Qc4 Qf8 25. Rfd1 c6 26. a4 a5 27. bxa5 bxa5 28. Qc5 Qd8 29. Rc2 Nb4 30. Rc3 Nfd5 31. Bxd5 Nxd5 32. Rc4 Nb6 33. Rc2 Nxa4 34. Qc4 Nb6 35. Qa6 Ra8 36. Qb7 Qc8 37. Qxb6 Qd7 38. Qxc6 Qd8 39. d5 Rb8 40. d6 Kh7 41. Qc7 Qe8 42. d7 Qd8 43. Qxd8 Rxd8 44. Rc8 Rxc8 45. dxc8Q 1-0

[Event "HUN-chT2 Toth 1415"]
[Site "Hungary"]
[Date "2015.01.25"]
[Round "7.12"]
[White "Varadi, Tamas"]
[Black "Nagy, Viktor"]
[Result "0-1"]
[WhiteElo "1532"]
[BlackElo "1650"]
[PlyCount "104"]
[EventDate "2014.09.07"]
[EventType "team-tourn"]
[EventRounds "11"]
[EventCountry "HUN"]
[SourceTitle "EXT 2016"]
[Source "ChessBase"]
[SourceDate "2015.10.08"]
[SourceVersion "1"]
[SourceVersionDate "2015.10.08"]
[SourceQuality "1"]
[WhiteTeam "Takisz"]
[BlackTeam "Szentes"]
[WhiteTeamCountry "HUN"]
[BlackTeamCountry "HUN"]

1. d4 g6 2. Bf4 Bg7 3. e3 Nf6 4. Nf3 d6 5. Be2 0-0 6. 0-0 Bf5 7. Bd3 Bxd3 8. cxd3 Nbd7 9. Nc3 c5 10. dxc5 Nxc5 11. d4 Nce4 12. Nxe4 Nxe4 13. Nd2 Nxd2 14. Qxd2 Rc8 15. Rac1 Qd7 16. Rxc8 Rxc8 17. Rc1 Rc7 18. g3 Rxc1+ 19. Qxc1 e5 20. dxe5 dxe5 21. Bxe5 Bxe5 22. Qc5 Bb8 23. b4 b6 24. Qc4 Qc7 25. Qb5 h5 26. a4 h4 27. a5 bxa5 28. bxa5 h3 29. Qf1 Qxa5 30. Qxh3 Qc7 31. Qg4 a5 32. h4 Qe5 33. h5 Qf5 34. Qd4 Bc7 35. Qc4 Bd8 36. g4 Qb1+ 37. Kg2 Qb4 38. Qc8 Qe7 39. hxg6 fxg6 40. f4 Kh7 41. f5 Qe4+ 42. Kf2 Bh4+ 43. Ke2 Qxg4+ 44. Kd2 Qxf5 45. Qa8 Qf6 46. Qxa5 Qd8+ 47. Qxd8 Bxd8 48. Ke2 Kh6 49. Kf3 Kg5 50. Kg3 Bc7+ 51. Kh3 Bb6 52. e4 Bc7 0-1

[Event "HUN-chT2 Toth 1314"]
[Site "Hungary"]
[Date "2013.09.22"]
[Round "2.11"]
[White "Varadi, Tamas"]
[Black "Kiss, Balazs Janos"]
[Result "0-1"]
[WhiteElo "1525"]
[BlackElo "1639"]
[PlyCount "66"]
[EventDate "2013.09.08"]
[EventType "team-tourn"]
[EventRounds "11"]
[EventCountry "HUN"]
[SourceTitle "EXT 2016"]
[Source "ChessBase"]
[SourceDate "2015.10.08"]
[SourceVersion "1"]
[SourceVersionDate "2015.10.08"]
[SourceQuality "1"]
[WhiteTeam "Kecskemet Takisz"]
[BlackTeam "Roszke"]
[WhiteTeamCountry "HUN"]
[BlackTeamCountry "HUN"]

1. d4 e6 2. Bf4 Nf6 3. e3 c5 4. c3 Be7 5. Nf3 0-0 6. Be2 d5 7. 0-0 Nc6 8. Nbd2 c4 9. Qc2 b5 10. g3 b4 11. Rfe1 a5 12. Ne5 Nxe5 13. Bxe5 Bd7 14. e4 Bc6 15. Bf3 Re8 16. exd5 Bxd5 17. Be4 Nxe4 18. Nxe4 Qb6 19. Qd2 Qc6 20. f3 f5 21. Ng5 h6 22. Nh3 Bxf3 23. Rf1 Bd5 24. Nf4 Bg5 25. h4 Bxf4 26. Qxf4 Ra7 27. g4 fxg4 28. Qxg4 Be4 29. Rf4 Bf5 30. Qg3 Kh7 31. h5 Rg8 32. Raf1 g6 33. Bb8 Rb7 0-1